| 000 | 00717nam a22001577a 4500 | ||
|---|---|---|---|
| 005 | 20230616181150.0 | ||
| 008 | 230425b xxu||||| |||| 00| 0 eng d | ||
| 082 |
_a641.3 _bBAB |
||
| 100 | _aBabita G A | ||
| 245 |
_aನಾವು ತಿನ್ನುವ ಆಹಾರ ನಮ್ಮ ಜೀನ್ ಗಳನ್ನು ಬದಲಿಸಬಹುದೇ? _bNaavu Tinnuva Aahar namma Badalisabahude? _cA Babita G and Patel, Basavanagouda |
||
| 260 |
_aBelagavi _bPrasaranga, Visveswaraya Technological University ( VTU ) _c2021 |
||
| 300 | _a52p. | ||
| 440 | _aJanpriya Taantrika Shikshana Maale (ಜನಪ್ರಿಯ ತಾಂತ್ರಿಕ ಶಿಕ್ಷಣ ಮಾಲೆ) | ||
| 650 | _aGeneral | ||
| 700 | _aBasavanagouda Patel | ||
| 999 |
_c11651 _d11651 |
||